000 00477nam a22001577a 4500
003 PILC
005 20150112093425.0
008 130214t xxu||||| |||| 00| 0 eng d
020 _a9711006014
050 _aPE1130.F5
_b.Ed214 1988
082 _aSFf 372.61
_bE15 1988
245 _aEnglish in a nutshell /
_cJean G. Edades ; with a foreword by Salvador P. Lopez
260 _aQuezon City
_bNew Day
_c1988.
300 _a101 pages :
_c19 cm.
_billustration ;
942 _2lcc
_cBK
999 _c14174
_d14174